Statistics for Best club founded each year

Click here to take the quiz!

General Stats

  • This quiz has been taken 33 times
  • The average score is 34 of 159

Answer Stats

YearCountryClub% Correct
1892EnglandLiverpool FC
93%
1880EnglandManchester City
93%
1878EnglandManchester United
93%
1970FranceParis Saint Germain
93%
1886EnglandArsenal
90%
1902SpainReal Madrid
86%
1899SpainFC Barcelona
83%
1905EnglandChelsea
79%
1900GermanyFC Bayern Munich
79%
1872ScotlandRangers
79%
1888ScotlandCeltic
76%
1897ItalyJuventus
76%
1903SpainAtletico Madrid
72%
1909GermanyBorussia Dortmund
72%
1908ItalyInter Milan
72%
1882EnglandTottenham Hotspur
72%
1927ItalyAS Roma
69%
1874EnglandAston Villa
69%
1950FranceLyon
69%
1919SpainValencia
66%
1890SpainSevilla
62%
1913NetherlandsPSV Eindhoven
59%
1906PortugalSporting
59%
1898SpainAthletico Bilbao
55%
1904PortugalBenfica
55%
1893PortugalFC Porto
55%
1926ItalyNapoli
55%
1865EnglandNottingham Forest
52%
1911RussiaCSKA Moscow
48%
1889EnglandSheffield United
48%
1887GermanyHamburg
45%
1867EnglandSheffield Wednesday
45%
1885EnglandSouthampton
45%
1924FranceAS Monaco
41%
1877EnglandWolverhampton Wanderers
41%
1875EnglandBlackburn Rovers
38%
1862EnglandNotts County
38%
2009GermanyRB Leipzig
38%
1943FranceFC Nantes
34%
1879EnglandFulham
34%
1996United StatesLA Galaxy
34%
1907SpainReal Sociedad
34%
1912BrazilSantos
34%
1881FranceBordeaux
31%
1925GreeceOlympiacos
31%
2005AustriaRB Salzburg
31%
1901ArgentinaRiver Plate
31%
1922RussiaSpartak Moscow
31%
1863EnglandStoke City
31%
1894EnglandBristol City
28%
1884EnglandLeicester City
28%
1992DenmarkFC Kobenhavn
24%
1960MexicoTigres
24%
1923SpainVillareal
24%
1895BrazilFlamengo
21%
1917NorwayRosenborg
21%
1936UkraineShakhtar Donetsk
21%
1947RomaniaSteaua Bucharest
21%
1945GermanyWolfsburg
21%
1864WalesWrexham
21%
1916MexicoClub America
17%
1910BrazilCorinthians
17%
1957Saudi ArabiaAl Hilal
14%
1983SpainGetafe
14%
2007RussiaKrasnodar
14%
1954MexicoPumas
14%
1932SpainZaragoza
14%
1921BrazilCruzeiro
10%
1980JapanGamba Osaka
10%
1994ChinaGuangzhou Evergrande
10%
1869ScotlandKilmarnock
10%
1891UruguayPenarol
10%
1931FranceStade de Reims
10%
1967NetherlandsAZ Alkmaar
7%
1997United StatesChicago Fire
7%
1998FranceDijon
7%
1928SpainLeganes
7%
2018United StatesLos Angeles FC
7%
2015United StatesNew York City FC
7%
1937FranceNimes
7%
1914BrazilPalmeiras
7%
1871EnglandReading
7%
1958RussiaRubin Kazan
7%
1946ItalySampdoria
7%
1896ItalyUdinese
7%
2017United StatesAtlanta United FC
3%
1973BrazilChapecoense
3%
1929ItalyChievo Verona
3%
2004GermanyFC Ingolstadt
3%
1948GermanyFC Koln
3%
1949SpainLas Palmas
3%
1961ColombiaOnce Caldas
3%
1934EnglandPeterborough United
3%
1939PortugalRio Ave
3%
1930RussiaRostov
3%
1920ItalySassuolo
3%
2010RussiaUfa
3%
1981PeruAcademia Deportiva Cantolao
0%
2003AustraliaAdelaide United
0%
1968Saudi ArabiaAl Ain FC
0%
1974U.A.E.Al Jazira
0%
1989SpainAlmeria FC
0%
1969QatarAl Sadd SC
0%
1956Saudi ArabiaAltaawoun FC
0%
1966TurkeyAntalayaspor
0%
1984RussiaArsenal Tula
0%
1952VenezuelaArugua FC
0%
1978GhanaAshantigold
0%
2012RomaniaAstra Giurgu
0%
2013MexicoAthletico San Luis
0%
1915ArgentinaAtletico Lanus
0%
1951ColombiaAtletico Nacional
0%
2020CanadaAtletico Ottawa
0%
1964DenmarkBrondby IF
0%
1963TurkeyBursaspor
0%
2016South AfricaCape Town City FC
0%
1933PortugalCD Tondela
0%
1883FranceChateauroux
0%
1866EnglandChesterfield FC
0%
2002South KoreaDaegu FC
0%
1953SpainDeportivo Lugo
0%
1935PeruDeportivo Municipal
0%
1986FranceESTAC Troyes
0%
2001RomaniaFC Botosani
0%
2019United StatesFC Cincinnati
0%
1971NetherlandsFC Groningen
0%
1942RussiaFC Krylia Sovetov Samara
0%
1999DenmarkFC Midtjylland
0%
1991DenmarkFC Nordsjaelland
0%
1965NetherlandsFC Twente
0%
1918BrazilFortaleza
0%
1975SpainFuenlabrada FC
0%
1873EnglandGainsborough Trinity FC
0%
2008South KoreaGangwon FC
0%
2006United StatesHouston Dynamo
0%
1941ColombiaIndependiente Santa Fe
0%
1990TurkeyIstanbul Basaksehir
0%
1982South KoreaJeju United
0%
2000ChinaJiangsu Suning FC
0%
1868EnglandLong Melford FC
0%
1944FranceLOSC Lille
0%
1979South AfricaMaritzburg FC
0%
1876EnglandMiddlesborough
0%
1987VenezeulaMonagas
0%
1976RussiaOrenburg
0%
2014CyprusPafos FC
0%
1959QatarQatar SC
0%
1972SpainReal Madrid B
0%
1962NetherlandsRoda JC
0%
1938JapanSanfrecce Hiroshima
0%
1940SpainSD Eibar
0%
2011RomaniaSepsi OSK
0%
1993ChinaShanghai Shenhua
0%
1988JapanSony Sendai FC
0%
1955PeruSporting Cristal
0%
1870ScotlandStranraer FC
0%
1985South AfricaSupersport United FC
0%
1995South KoreaSuwon
0%
1977VenezuelaZamora FC
0%

Score Distribution

Percentile by Number Answered

Percent of People with Each Score

Your Score History

You have not taken this quiz